000
00297nam a2200097Ia 4500
008
240331s9999 xx 000 0 und d
082
_a
303.6
_b
RIC
100
_a
Richardson, J
245
0
_a
Paradise poisoned :
_b
learning about conflict, terrorism and development from Sri Lanka's civil wars
942
_c
L
999
_c
1268
_d
1268